Statistics for Provinces of the Netherlands

Click here to take the quiz!

General Stats

  • This quiz has been taken 8 times
  • The average score is 10 of 12

Answer Stats

numberProvince% Correct
12Friesland
100%
6Noord-Holland
100%
5Zuid-Holland
100%
7Utrecht
88%
2Zeeland
88%
8
Gelderland
75%
4Limburg
75%
1Noord-Brabant
75%
11Drenthe
63%
9Flevoland
63%
3Groningen
63%
10Overijssel
63%

Score Distribution

Percentile by Number Answered

Percent of People with Each Score

Your Score History

You have not taken this quiz